000 00478nam a2200181Ia 4500
008 090124s9999 xx 000 0 und d
082 _b18589
_a2107
100 _aढसाळ नामदेव
245 _a गोलपिठा
250 _a1
260 _c1972
300 _a88
600 _aढसाळ नामदेव
630 _a गोलपिठा
700 _aढसाळ नामदेव
730 _a गोलपिठा
942 _cBOOK
999 _c132530
_d132530